| 000 | 01690nam a2200229Ia 4500 | ||
|---|---|---|---|
| 003 | Ost | ||
| 005 | 20260507075031.0 | ||
| 008 | 260507s9999||||xx |||||||||||||| ||und|| | ||
| 020 | _a9957112031 | ||
| 040 | _cfsecg | ||
| 041 | _aara | ||
| 082 | _a330 | ||
| 100 |
_aالراوى، حكمت أحمد _eمؤلف |
||
| 245 | 0 |
_aالبعد المحاسبي لجدوى تقييم المشروعات الإستثمارية / _c حكمت أحمد الراوى |
|
| 260 |
_aعمان: _bمكتبة الفلاح, _c2001 |
||
| 300 |
_a447 صفحة؛ _bإيضاحات ؛ _c24 سم |
||
| 520 | _aمفهوم جدوى تقييم المشروعات الإستثمارية- الموازنات الرأسمالية وخطوات تقيمها- التحليل الكمي لجدوى تقييم المشروعات- الأجهزة المشرفة على تقويم المشروعات الإستثمارية- التدفقات النقدية ومشكلات قياسها- القيمة الحالية للتدفقات النقدية- المحاسبة عن تقلبات الأسعار وأثارها على تقييم المشروعات الإستثمارية- النماذج التقليدية لتقييم المشروعات الإستثمارية- البيئة المحاسبية والنفايات- استخدام الحاسوب في جدوى تقييم المشروعات الإستثمارية- التدقيق وجدوى المشروعات الإستثمارية- الأسس العلمية لصياغة تقرير جدوى تقييم المشروعات الإستثمارية | ||
| 653 | _aالمشروعات | ||
| 653 | _aتقييم الأداء | ||
| 653 | _aدراسة الجدوى | ||
| 942 | _cكتاب | ||
| 999 |
_c42404 _d42404 |
||